000 00440nam a2200133Ia 4500
008 191206s9999 xx 000 0 und d
020 _a719121604
090 _aPR289.A2.K4
245 0 _a"King Lear, 1858"
260 _aCornmarket Press
260 _cc1970
300 _a"[6], 90 p. 20 cm."
999 _c16313
_d16313